Investment Analysis and Portfolio Management (Record no. 1571)

MARC details
000 -LEADER
fixed length control field 00430nam a22001697a 4500
005 - DATE AND TIME OF LATEST TRANSACTION
control field 20210925151042.0
008 - FIXED-LENGTH DATA ELEMENTS--GENERAL INFORMATION
fixed length control field 160524b xxu||||| |||| 00| 0 eng d
020 ## - INTERNATIONAL STANDARD BOOK NUMBER
ISBN 978-0-07-024907-3
041 ## - LANGUAGE CODE
Language code of text/sound track or separate title eng
082 ## - DEWEY DECIMAL CLASSIFICATION NUMBER
Item number 4638
100 ## - MAIN ENTRY--AUTHOR NAME
Personal name Chandra, Prasanna
245 ## - TITLE STATEMENT
Title Investment Analysis and Portfolio Management
260 ## - PUBLICATION, DISTRIBUTION, ETC. (IMPRINT)
Place of publication New Delhi
Name of publisher Academic Faundation
300 ## - PHYSICAL DESCRIPTION
Number of Pages 726
650 ## - SUBJECT ADDED ENTRY--TOPICAL TERM
Topical Term Management
942 ## - ADDED ENTRY ELEMENTS (KOHA)
Koha item type Books
Holdings
Lost status Damaged status Home library Current library Shelving location Date acquired Full call number Accession Number Koha item type Collection code
    JRU Library   SHELF-59-C 24/05/2016 4638 4638 Books  
    JRU Library   SHELF-59-C 24/05/2016 4638 4639 Books  
    JRU Library JRU Library SHELF-59-C 24/05/2016 4638 4640 Books MANAGEMENT
    JRU Library JRU Library SHELF-59-C 24/05/2016 4638 4641 Books MANAGEMENT
    JRU Library   SHELF-28-C 24/05/2016 4638 4642 Books Reference
    JRU Library JRU Library SHELF-59-C 24/05/2016 4638 4643 Books MANAGEMENT
    JRU Library JRU Library SHELF-59-C 24/05/2016 4638 4644 Books MANAGEMENT